| 000 | 00395 a2200157 4500 | ||
|---|---|---|---|
| 005 | 20260312113321.0 | ||
| 008 | 260312b |||||||| |||| 00| 0 eng d | ||
| 020 | _a9783030984939 | ||
| 041 | _aEnglish | ||
| 100 |
_a Djordjevic I. _9217065 |
||
| 245 | _aAdvanced Optical And Wireless Communications Systems | ||
| 250 | _a2nd ed. | ||
| 260 |
_bSpringer _c2022 |
||
| 300 | _a782 | ||
| 942 | _cBK | ||
| 999 |
_c370400 _d370400 |
||